000 00689nam a22002057a 4500
999 _c1276
_d1276
003 AR-CdUCM
008 190226b ||||| |||| 00| 0 spa d
040 _aMUNICIPALIDAD PROVINCIAL DEL CUSCO
_cBIBLIOTECA MUNICIPAL DEL CUSCO
082 _a869.5 /
_bT17
100 _aTamayo Vargas, Augusto
_91952
245 _aLiteratura peruana /
260 _aLima :
_bEditorial "Domingo Miranda",
_c1954.
300 _a357 pƔginas ;
_c25 cm.
505 _aLa crisis del coloniaje -- Literatura de la emancipación -- Literatura del siglo diecinueve ...
650 _aLiteratura.
_983
650 _aColonia.
_91685
650 _aModernismo.
_9519
942 _2ddc
_cLIBROS
945 _amvr
_d2019-02-26